01196nam a2200265Ia 450000100060000000300090000600800410001504000130005604000130006904100130008210000210009510000290011624500720014524500710021725000110028826000140029926000210031326000490033430000570038350003950044065000160083565000310085170000200088270000280090279785IT-RoPAU130308s9999 xx 000 0 und d aIT-RoPAU cIT-RoPAU aFRANCESE aChiss Jean-Louis gCodice Aut. SPICS: 3143 aFondations de la linguistique -Etudes d'histoire et d'epistemologie bFondations de la Linguistique-Etudes D'Histoire et D'Epistemologie a1a ed. aBRUXELLES bDe Boeck/Wesmael c1987 [1° Ed.:1987 - Ed.Ling.Originale:1987] a"336 p. (prefazione: no ; testo: 336 [pagine: 0-0])" aFondamenti della Linguistica Epistemologia saussuriana e costituzione di una Linguistica Generale Società e Soggetto Problemi per le teorie del Linguaggio Linguistica Francese Strutturalismo Introvabile Storia e Filosofia della Linguistica Antoine Meillet Gabriel Tarde Victor Hanry Charles Bally Georges Gougenheim Gustave Guillaume Merleau Ponty Michel Foucault Jacques Derrida Saussure aLINGUISTICA eCodice materia Spics: 3201 aPuech Christian gCodice Aut. SPICS: 3138